[Event "Outaouais-ch"]
[Site "Gatineau CAN"]
[Date "1996.??.??"]
[Round "8"]
[White "Charbonneau, Alain"]
[Black "Roy, Roger"]
[Result "0-1"]
[WhiteElo "1790"]
[BlackElo "1714"]
[PlyCount "92"]
[EventDate "1996.03.01"]
[EventType "tourn"]
[EventRounds "9"]
[EventCountry "CAN"]

1. d4 Nf6 2. c4 g6 3. Nf3 Bg7 4. g3 O-O 5. Bg2 c6 6. Nc3 d5 7. O-O e6 8. Bf4
Nh5 9. Bxb8 Rxb8 10. e3 Re8 11. c5 e5 12. dxe5 Bxe5 13. Nxe5 Rxe5 14. Ne4 Qe7
15. Nd6 Nf6 16. Qa4 b5 17. Qb4 Bf5 18. Rad1 Be4 19. f3 Bf5 20. Qf4 Rd8 21. e4
Bc8 22. Qe3 Ne8 23. f4 Rh5 24. Nxc8 Rxc8 25. g4 Rh4 26. h3 dxe4 27. Rfe1 Nf6
28. Rd6 Nd5 29. Qxe4 Qxe4 30. Rxe4 h5 31. Rd4 hxg4 32. hxg4 Rxg4 33. Kf2 Rxf4+
34. Rxf4 Nxf4 35. Be4 a5 36. Kf3 Ne6 37. b4 axb4 38. Bxc6 Nd4+ 39. Rxd4 Rxc6
40. Rxb4 Rxc5 41. Ke4 Rf5 42. Kd4 Rf4+ 43. Kc5 Rxb4 44. Kxb4 g5 45. Kxb5 g4 46.
a4 g3 0-1

[Event "Outaouais-ch"]
[Site "Gatineau CAN"]
[Date "1996.??.??"]
[Round "8"]
[White "Groleau, Gilles"]
[Black "Jobin, Gilles G"]
[Result "1-0"]
[WhiteElo "1999"]
[BlackElo "1845"]
[PlyCount "43"]
[EventDate "1996.03.01"]
[EventType "tourn"]
[EventRounds "9"]
[EventCountry "CAN"]

1. e4 e6 2. d4 d5 3. Nd2 dxe4 4. Nxe4 Bd7 5. Nf3 Bc6 6. Bd3 Bxe4 7. Bxe4 c6 8.
O-O Nf6 9. Bd3 Be7 10. c3 Nbd7 11. Bg5 h6 12. Bh4 Qc7 13. Qe2 O-O 14. Rfe1 Rfe8
15. Rad1 Qa5 16. Bb1 Bd6 17. Ne5 g5 18. Bg3 Bf8 19. Qd3 Bg7 20. Nxd7 Nxd7 21.
Qh7+ Kf8 22. Bd6+ 1-0

[Event "Outaouais-ch"]
[Site "Gatineau CAN"]
[Date "1996.??.??"]
[Round "8"]
[White "Maisonneuve, Paul"]
[Black "Cote, Jacques"]
[Result "0-1"]
[WhiteElo "1477"]
[BlackElo "2071"]
[PlyCount "76"]
[EventDate "1996.03.01"]
[EventType "tourn"]
[EventRounds "9"]
[EventCountry "CAN"]

1. d4 f5 2. Nf3 Nf6 3. Bf4 d6 4. h3 c6 5. c3 Na6 6. Nbd2 Nc7 7. Qc2 g6 8. e4
Nh5 9. Bh2 Bh6 10. exf5 Bxf5 11. Bd3 Bxd3 12. Qxd3 Nd5 13. O-O Qd7 14. Rfe1
O-O-O 15. Qe4 Nhf6 16. Qe6 g5 17. Qxd7+ Kxd7 18. Ne4 Rhg8 19. Nxf6+ exf6 20. g4
Rdf8 21. Nd2 f5 22. Re2 Nf4 23. Re3 Re8 24. Rae1 Nxh3+ 25. Kf1 Rxe3 26. Rxe3
fxg4 27. Rg3 Rf8 28. f3 Bg7 29. Rxg4 h5 30. Rg2 Bh6 31. Ke2 d5 32. Rg3 g4 33.
Bg1 Bf4 34. Rg2 g3 35. Nf1 Re8+ 36. Kd3 h4 37. Ne3 Nxg1 38. Rxg1 Rxe3+ 0-1

[Event "Outaouais-ch"]
[Site "Gatineau CAN"]
[Date "1996.??.??"]
[Round "8"]
[White "Van Adel, Steven"]
[Black "Danis, Jacques"]
[Result "1-0"]
[WhiteElo "1794"]
[BlackElo "1622"]
[PlyCount "83"]
[EventDate "1996.03.01"]
[EventType "tourn"]
[EventRounds "9"]
[EventCountry "CAN"]

1. e4 b6 2. g3 Bb7 3. Bg2 Nf6 4. d3 e6 5. Nf3 d6 6. O-O Be7 7. Re1 Nbd7 8. Nbd2
c5 9. b3 O-O 10. Bb2 Qc7 11. Rc1 Rac8 12. c4 a6 13. d4 Rfe8 14. h3 cxd4 15.
Nxd4 e5 16. Nf5 Bf8 17. Ne3 Qb8 18. Ng4 Qa8 19. Qe2 Nxg4 20. hxg4 Qb8 21. g5 f6
22. Bh3 Rcd8 23. gxf6 Nxf6 24. Kh2 Qc7 25. Rh1 Qf7 26. Kg1 g6 27. Bg2 Be7 28.
Rc3 Rf8 29. Bc1 Bc8 30. Bh3 Bxh3 31. Rxh3 Nh5 32. Nf1 Qg7 33. Nh2 h6 34. Ng4
Bg5 35. Bxg5 hxg5 36. Ne3 Nf6 37. Ng4 Kf7 38. Rf3 Ke7 39. Nxf6 Rxf6 40. Rxf6
Qxf6 41. Rh7+ Kf8 42. Rb7 1-0

[Event "Outaouais-ch"]
[Site "Gatineau CAN"]
[Date "1996.??.??"]
[Round "9"]
[White "Danis, Jacques"]
[Black "Cote, Jacques"]
[Result "0-1"]
[WhiteElo "1622"]
[BlackElo "2071"]
[PlyCount "146"]
[EventDate "1996.03.01"]
[EventType "tourn"]
[EventRounds "9"]
[EventCountry "CAN"]

1. d4 f5 2. c4 Nf6 3. Nc3 g6 4. g3 Bg7 5. Bg2 O-O 6. e3 d6 7. Qb3 c6 8. Nge2
Na6 9. Bd2 Kh8 10. O-O e5 11. a3 Qe7 12. Rfe1 Be6 13. d5 Nc5 14. Qc2 cxd5 15.
cxd5 Bg8 16. b4 Nce4 17. Nxe4 fxe4 18. Nc3 Rac8 19. Bxe4 Qf7 20. Rf1 Nxd5 21.
Bxd5 Qxd5 22. e4 Qc4 23. Rac1 Be6 24. Qb1 Bh3 25. Rfe1 Qf7 26. f4 exf4 27. gxf4
Bd4+ 28. Kh1 Qf6 29. Qd3 Be6 30. Nd5 Qg7 31. Kg2 Bb2 32. Be3 Kg8 33. Rxc8 Rxc8
34. Bd2 Kf7 35. a4 b6 36. Re3 Ke8 37. Rg3 Qd4 38. Qxd4 Bxd4 39. Rd3 Bg7 40. Kf3
h5 41. h4 Rc4 42. Ne3 Rd4 43. Rxd4 Bxd4 44. Nd5 Bg4+ 45. Kg3 Bd1 46. a5 bxa5
47. bxa5 Bc2 48. Bc3 Bc5 49. Kf3 Bd1+ 50. Kg2 Bb3 51. Kf3 Kd7 52. Nb4 Bd1+ 53.
Kg3 Be2 54. e5 dxe5 55. fxe5 Ke6 56. Kf4 Bb5 57. Nc2 Be8 58. Ne3 Be7 59. Be1
Bb5 60. Ke4 Bd8 61. Kd4 Bc7 62. Kc5 Bd3 63. Nd5 Bxe5 64. Ne3 Be4 65. Nc4 Bh2
66. Kd4 Kf5 67. Ne3+ Kf4 68. Bb4 Bg1 69. Bd2 Bf5 70. Bc1 Bf2 71. Bd2 Bb1 72.
Bc1 a6 73. Bd2 Kf3 0-1

[Event "Outaouais-ch"]
[Site "Gatineau CAN"]
[Date "1996.??.??"]
[Round "9"]
[White "Jobin, Gilles G"]
[Black "Charbonneau, Alain"]
[Result "1-0"]
[WhiteElo "1845"]
[BlackElo "1790"]
[PlyCount "84"]
[EventDate "1996.03.01"]
[EventType "tourn"]
[EventRounds "9"]
[EventCountry "CAN"]

1. e4 c5 2. Nf3 d6 3. d3 Nc6 4. g3 Nf6 5. Bg2 e6 6. O-O Be7 7. Nbd2 Qc7 8. Re1
O-O 9. a4 Re8 10. Nc4 e5 11. h3 Nd4 12. c3 Ne6 13. Ne3 b6 14. Nd5 Qd8 15. Kh2
Nxd5 16. exd5 Nc7 17. Ng1 Bg5 18. h4 Bxc1 19. Rxc1 a6 20. c4 b5 21. Ra1 Bd7 22.
axb5 axb5 23. Rxa8 Qxa8 24. Qa1 Qb7 25. Qc1 Rb8 26. b3 bxc4 27. bxc4 Ne8 28.
Bh3 Ba4 29. Qe3 Qb2 30. Re2 Qc3 31. Qd2 Rb3 32. Qxc3 Rxc3 33. Ra2 Bc2 34. Ra8
Kf8 35. Bd7 Ke7 36. Bxe8 Bxd3 37. Bb5 Rc2 38. Nh3 e4 39. Re8+ Kf6 40. Kg2 Bxc4
41. Bxc4 Rxc4 42. Ng5 Kf5 1-0

[Event "Outaouais-ch"]
[Site "Gatineau CAN"]
[Date "1996.??.??"]
[Round "9"]
[White "Laurin, Jacques"]
[Black "Maisonneuve, Paul"]
[Result "1-0"]
[WhiteElo "1777"]
[BlackElo "1477"]
[PlyCount "77"]
[EventDate "1996.03.01"]
[EventType "tourn"]
[EventRounds "9"]
[EventCountry "CAN"]

1. d4 Nf6 2. c4 c5 3. Nf3 cxd4 4. Nxd4 g6 5. Nc3 Bg7 6. e4 d6 7. Be2 O-O 8. Bg5
Nc6 9. Nf3 b6 10. Qd2 Bb7 11. Bd3 Qc7 12. Bxf6 exf6 13. Nd5 Qd7 14. h4 h5 15.
O-O-O Kh7 16. Qf4 Qd8 17. g4 Ne5 18. g5 Bxd5 19. exd5 Nxf3 20. Qxf3 f5 21. Rde1
Qc7 22. Kb1 a5 23. Re2 Rfe8 24. Rhe1 Qd7 25. Re3 Rxe3 26. Qxe3 Qc7 27. Qe7 Rc8
28. Qxc7 Rxc7 29. Re8 Bd4 30. Rd8 Bc5 31. a3 Rb7 32. Ka2 Re7 33. Kb3 Bxf2 34.
Rxd6 Bxh4 35. Rxb6 Bxg5 36. c5 f4 37. c6 Re5 38. c7 Re8 39. Rb8 1-0

[Event "Outaouais-ch"]
[Site "Gatineau CAN"]
[Date "1996.??.??"]
[Round "9"]
[White "Papineau, Andre"]
[Black "Groleau, Gilles"]
[Result "0-1"]
[WhiteElo "1703"]
[BlackElo "1999"]
[PlyCount "66"]
[EventDate "1996.03.01"]
[EventType "tourn"]
[EventRounds "9"]
[EventCountry "CAN"]

1. d4 Nf6 2. c4 e6 3. Nf3 b6 4. g3 Bb7 5. Bg2 Be7 6. O-O O-O 7. Nc3 Ne4 8. Qc2
Nxc3 9. bxc3 f5 10. a4 Be4 11. Qa2 c5 12. Bf4 Nc6 13. Rfd1 Qe8 14. d5 Na5 15.
Rd2 Bf6 16. dxe6 Qxe6 17. Ng5 Bxg5 18. Bxe4 fxe4 19. Bxg5 Nxc4 20. Rxd7 Qxd7
21. Qxc4+ Qf7 22. Qxe4 Qxf2+ 23. Kh1 Rae8 24. Qd5+ Kh8 25. e3 h6 26. Bf4 Rd8
27. Qg2 Qxg2+ 28. Kxg2 Rd2+ 29. Kh3 g5 30. Be5+ Kh7 31. a5 b5 32. a6 c4 33. Bc7
Rff2 0-1

[Event "Outaouais-ch"]
[Site "Gatineau CAN"]
[Date "1996.??.??"]
[Round "9"]
[White "Roy, Roger"]
[Black "Van Adel, Steven"]
[Result "1/2-1/2"]
[WhiteElo "1714"]
[BlackElo "1794"]
[PlyCount "73"]
[EventDate "1996.03.01"]
[EventType "tourn"]
[EventRounds "9"]
[EventCountry "CAN"]

1. d4 Nf6 2. Nf3 e6 3. Bg5 Be7 4. Nbd2 d5 5. e3 Nbd7 6. Bd3 h6 7. Bxf6 Nxf6 8.
Ne5 c5 9. c3 Bd7 10. O-O Qb6 11. Rb1 cxd4 12. exd4 O-O 13. Re1 Bb5 14. Qe2 Bxd3
15. Qxd3 Rfd8 16. Qh3 Nd7 17. Ndf3 Nxe5 18. Nxe5 Bf6 19. Qh5 Bxe5 20. Qxe5 Rac8
21. Re3 Rd7 22. Rg3 f6 23. Qe3 Rdc7 24. Qd2 Kh8 25. Re1 Re7 26. Rge3 Rce8 27.
R1e2 e5 28. dxe5 Rxe5 29. Rxe5 Rxe5 30. Rxe5 fxe5 31. Qxd5 Qxb2 32. Qd8+ Kh7
33. Qd3+ Kg8 34. Qc4+ Kh7 35. Qd3+ Kh8 36. Qd8+ Kh7 37. Qd3+ 1/2-1/2

[Event "Outaouais-ch"]
[Site "Gatineau CAN"]
[Date "1996.05.26"]
[Round "10"]
[White "Charbonneau, Alain"]
[Black "Papineau, Andre"]
[Result "1-0"]
[WhiteElo "1790"]
[BlackElo "1703"]
[PlyCount "35"]
[EventDate "1996.03.01"]
[EventType "tourn"]
[EventRounds "9"]
[EventCountry "CAN"]

1. d4 d5 2. c4 c6 3. Nc3 Nf6 4. Nf3 e6 5. Bg5 Be7 6. e3 O-O 7. Qc2 Nbd7 8. Bd3
h6 9. h4 Bb4 10. g4 dxc4 11. Bxc4 g6 12. Bxh6 Re8 13. h5 gxh5 14. g5 Ng4 15.
Rxh5 f5 16. gxf6 Qxf6 17. Rg5+ Kf7 18. Qh7+ 1-0

[Event "Outaouais-ch"]
[Site "Gatineau CAN"]
[Date "1996.05.26"]
[Round "10"]
[White "Cote, Jacques"]
[Black "Roy, Roger"]
[Result "1/2-1/2"]
[WhiteElo "2071"]
[BlackElo "1714"]
[PlyCount "67"]
[EventDate "1996.03.01"]
[EventType "tourn"]
[EventRounds "9"]
[EventCountry "CAN"]

1. e4 c6 2. d4 d5 3. e5 Bf5 4. Nc3 e6 5. g4 Bg6 6. Nge2 Be7 7. Be3 Nd7 8. Qd2
Nb6 9. Ng3 h5 10. gxh5 Bxh5 11. Nxh5 Rxh5 12. O-O-O Nh6 13. Be2 Nc4 14. Bxc4
dxc4 15. Qe2 Rh3 16. Qxc4 Nf5 17. Qb3 Qc7 18. Ne4 Rd8 19. Rd3 Rh4 20. Nc5 Bxc5
21. dxc5 Rxd3 22. Qxd3 Qxe5 23. Rd1 Qc7 24. Bg5 Rd4 25. Qh3 Rxd1+ 26. Kxd1 f6
27. Qh8+ Kf7 28. Bd2 Qe5 29. b4 Qa1+ 30. Ke2 Qe5+ 31. Kd1 Qa1+ 32. Ke2 Qe5+ 33.
Kd1 Qa1+ 34. Ke2 1/2-1/2

[Event "Outaouais-ch"]
[Site "Gatineau CAN"]
[Date "1996.05.26"]
[Round "10"]
[White "Groleau, Gilles"]
[Black "Maisonneuve, Paul"]
[Result "1-0"]
[WhiteElo "1999"]
[BlackElo "1477"]
[PlyCount "57"]
[EventDate "1996.03.01"]
[EventType "tourn"]
[EventRounds "9"]
[EventCountry "CAN"]

1. e4 d6 2. d4 Nf6 3. Nc3 c6 4. Nf3 Bg4 5. Be2 e6 6. O-O Be7 7. h3 Bh5 8. Be3
d5 9. e5 Nfd7 10. Nh2 Bxe2 11. Nxe2 c5 12. c3 cxd4 13. cxd4 Nc6 14. f4 Rc8 15.
Nf3 Qb6 16. Rb1 Qa6 17. Nc3 b5 18. a3 Qb7 19. f5 Nd8 20. fxe6 fxe6 21. Ng5 Bxg5
22. Qh5+ g6 23. Qxg5 Nf8 24. Qf6 Nf7 25. Nxb5 Rd8 26. Rbc1 Qe7 27. Nc7+ Kd7 28.
Qxf7 Qxf7 29. Rxf7+ 1-0

[Event "Outaouais-ch"]
[Site "Gatineau CAN"]
[Date "1996.05.26"]
[Round "10"]
[White "Van Adel, Steven"]
[Black "Jobin, Gilles G"]
[Result "1/2-1/2"]
[WhiteElo "1794"]
[BlackElo "1845"]
[PlyCount "48"]
[EventDate "1996.03.01"]
[EventType "tourn"]
[EventRounds "9"]
[EventCountry "CAN"]

1. Nf3 Nf6 2. g3 g6 3. Bg2 Bg7 4. O-O O-O 5. d3 d6 6. e4 e5 7. c4 Nc6 8. h3 Bd7
9. Nc3 Ne7 10. Be3 c6 11. d4 Qc7 12. Rc1 Ne8 13. dxe5 dxe5 14. Nh2 Nf6 15. Ng4
Bxg4 16. hxg4 Rfd8 17. Qe2 Nd7 18. g5 Nf8 19. Bh3 Ne6 20. Bxe6 fxe6 21. Rfd1 b6
22. Qg4 Kf7 23. Qf3+ Kg8 24. Qg4 Kf7 1/2-1/2

[Event "Over/Under 1800"]
[Site "Edmonton CAN"]
[Date "1996.??.??"]
[Round "?"]
[White "Lay, Tom"]
[Black "Rajchel, John"]
[Result "0-1"]
[WhiteElo "1747"]
[BlackElo "1723"]
[PlyCount "88"]
[EventDate "1996.09.21"]
[EventType "swiss"]
[EventRounds "5"]
[EventCountry "CAN"]

1. Nf3 d5 2. c4 Nf6 3. g3 e6 4. Bg2 Nc6 5. b3 b6 6. Bb2 Bb7 7. O-O Bc5 8. cxd5
exd5 9. d4 Be7 10. Nc3 Qd6 11. Nb5 Qd7 12. Rc1 a6 13. Ne5 Qd8 14. Nxc6 Bxc6 15.
Rxc6 axb5 16. Qb1 Qd7 17. Rfc1 Bd6 18. e4 dxe4 19. Bxe4 O-O 20. Bf5 Qd8 21. d5
g6 22. Qa1 Ne8 23. Bd3 Ra5 24. h4 Qa8 25. Qb1 Rxa2 26. h5 f5 27. hxg6 hxg6 28.
Re1 Ra7 29. Re6 Kh7 30. Kg2 Ng7 31. g4 Nxe6 32. Qh1+ Kg8 33. dxe6 Qxc6+ 34. f3
Be5 35. Bxe5 Ra2+ 36. Kg3 Qxe6 37. Qh8+ Kf7 38. Qg7+ Ke8 39. Bxb5+ c6 40. Bc4
Qe7 41. Qxg6+ Kd8 42. Bf4 Qe1+ 43. Kh3 Qh1+ 44. Kg3 Qh2# 0-1

[Event "Over/Under 1800"]
[Site "Edmonton CAN"]
[Date "1996.??.??"]
[Round "?"]
[White "Walker, Warrick"]
[Black "Kuczaj, Chris"]
[Result "1-0"]
[WhiteElo "2150"]
[BlackElo "2051"]
[PlyCount "67"]
[EventDate "1996.09.21"]
[EventType "swiss"]
[EventRounds "5"]
[EventCountry "CAN"]

1. e4 c5 2. d4 cxd4 3. c3 Nf6 4. e5 Nd5 5. Nf3 d6 6. Bc4 e6 7. cxd4 Nc6 8. O-O
Be7 9. Qe2 O-O 10. Rd1 Nb6 11. Bb3 a5 12. Nc3 a4 13. Bc2 Nb4 14. Bb1 d5 15. a3
Nc6 16. Qd3 g6 17. Bh6 Re8 18. Ne2 Nc4 19. Ra2 b5 20. h4 Bxh4 21. Kh2 b4 22.
Rh1 Be7 23. Kg1 Ba6 24. Nd2 Nxd2 25. Qxd2 Bxe2 26. Qxe2 Nxd4 27. Qg4 Nf5 28.
Qh3 b3 29. Ra1 Rc8 30. Bd3 Bg5 31. Bxf5 exf5 32. Bxg5 Qxg5 33. Qxh7+ Kf8 34. f4
1-0

[Event "Par equipes"]
[Site "Charlesbourg CAN"]
[Date "1996.10.28"]
[Round "2"]
[White "Poliquin, Yvon"]
[Black "Lessard, Claude"]
[Result "0-1"]
[WhiteElo "1744"]
[BlackElo "1952"]
[PlyCount "68"]
[EventDate "1996.10.21"]
[EventType "team"]
[EventRounds "6"]
[EventCountry "CAN"]

1. e4 c5 2. Nf3 d6 3. d4 cxd4 4. Nxd4 Nf6 5. Nc3 g6 6. Be3 Bg7 7. f3 O-O 8. Qd2
Nc6 9. Bc4 Bd7 10. O-O-O Ne5 11. Bb3 Rc8 12. h4 h5 13. Bg5 Nc4 14. Bxc4 Rxc4
15. Nde2 b5 16. e5 Ne8 17. exd6 Nxd6 18. Bxe7 Qxe7 19. Qxd6 Qxd6 20. Rxd6 Bf5
21. a3 a5 22. Ng3 Be6 23. Nge4 b4 24. axb4 axb4 25. Nd5 Bxd5 26. Rxd5 Rfc8 27.
c3 bxc3 28. b3 Rb4 29. Rhd1 Rbb8 30. Rc5 Rxc5 31. Nxc5 Ra8 32. Na4 Re8 33. Rd3
Re1+ 34. Kc2 Re2+ 0-1

[Event "Parliament CC Futurity III"]
[Site "Toronto CAN"]
[Date "1996.??.??"]
[Round "?"]
[White "Southam, David"]
[Black "Langen, Roger"]
[Result "0-1"]
[WhiteElo "2187"]
[BlackElo "2269"]
[PlyCount "116"]
[EventDate "1996.??.??"]
[EventType "tourn"]
[EventRounds "7"]
[EventCountry "CAN"]

1. d4 d5 2. Nf3 c5 3. c4 Nf6 4. cxd5 cxd4 5. Qa4+ Qd7 6. Qxd4 Qxd5 7. Nc3 Qxd4
8. Nxd4 a6 9. g3 e5 10. Nf3 Nc6 11. Bg2 Be7 12. O-O O-O 13. Be3 h6 14. Na4 Be6
15. Rfc1 Nd5 16. Bc5 Rfe8 17. Bxe7 Rxe7 18. Nc5 e4 19. Nxe4 Bg4 20. Nfd2 Nd4
21. Rc5 Nxe2+ 22. Kf1 Nf6 23. f3 Nxe4 24. Nxe4 b6 25. fxg4 bxc5 26. Re1 Rb8 27.
Rxe2 Reb7 28. b3 Rb4 29. Nd2 Rxg4 30. Bf3 Rd4 31. Nc4 g5 32. h3 Rd3 33. Kf2 Kg7
34. Be4 Rd4 35. Bf3 f5 36. g4 f4 37. Re5 Rc8 38. Bb7 Rc7 39. Bd5 Rd3 40. Nd6
Rd7 41. Nf5+ Kf8 42. Bc4 Rxh3 43. Rxc5 Rh2+ 44. Kf3 Rhd2 45. Re5 Rxa2 46. Re6
Rdd2 47. Rc6 Ke8 48. Be6 Rf2+ 49. Ke4 Rfe2+ 50. Kd4 Rad2+ 51. Kc5 Re5+ 52. Kb6
f3 53. Bc4 h5 54. Ng7+ Ke7 55. Nxh5 Rd4 56. Nf6 Rxc4 57. Ng8+ Kd8 58. Rd6+ Kc8
0-1

[Event "Parliament CC Futurity IV"]
[Site "Toronto CAN"]
[Date "1996.11.20"]
[Round "3"]
[White "Jung, Hans"]
[Black "Frilles, Ruperto"]
[Result "0-1"]
[WhiteElo "2327"]
[BlackElo "2172"]
[PlyCount "68"]
[EventDate "1996.11.06"]
[EventType "tourn"]
[EventRounds "7"]
[EventCountry "CAN"]
[SourceDate "2011.01.01"]

1. e4 g6 2. d4 Bg7 3. Nc3 d6 4. Bc4 Nc6 5. Be3 Nf6 6. f3 a6 7. a4 e5 8. Nce2
Bd7 9. Qd2 h5 10. h4 exd4 11. Nxd4 Ne5 12. Ba2 b5 13. Nh3 bxa4 14. Bg5 Bxh3 15.
Rxh3 Qd7 16. Rg3 Rb8 17. c3 Rxb2 18. Qd1 c5 19. Nf5 gxf5 20. Bc1 Rxa2 21. Rxa2
O-O 22. Bh6 Ng6 23. Bxg7 Kxg7 24. Rd2 fxe4 25. Rxd6 Qe7 26. f4 Ng4 27. Rxg4
hxg4 28. g3 e3 29. Qd5 Rb8 30. f5 Rb1+ 31. Ke2 Rb2+ 32. Ke1 Nf4 33. gxf4 Qxh4+
34. Kd1 Rd2+ 0-1

[Event "Parliament CC Futurity IV"]
[Site "Toronto CAN"]
[Date "1996.12.11"]
[Round "6"]
[White "Krupka, David"]
[Black "Dougherty, Michael"]
[Result "1-0"]
[WhiteElo "2199"]
[BlackElo "2306"]
[PlyCount "105"]
[EventDate "1996.11.06"]
[EventType "tourn"]
[EventRounds "7"]
[EventCountry "CAN"]
[SourceDate "2011.01.01"]

1. e4 g6 2. d4 Bg7 3. Nf3 d6 4. Be2 c6 5. O-O Nd7 6. a4 e5 7. d5 Nc5 8. Nc3 Nf6
9. Bg5 a5 10. Nd2 h6 11. Bxf6 Qxf6 12. Nc4 Bf8 13. Qd2 Qg5 14. f4 exf4 15. Qd4
Bh3 16. Bf3 Rg8 17. dxc6 bxc6 18. Nxd6+ Bxd6 19. Qxd6 Bd7 20. Be2 Ne6 21. Bc4
Qe7 22. Qxe7+ Kxe7 23. Bxe6 fxe6 24. Rxf4 e5 25. Rf2 Rab8 26. b3 Rb4 27. Rd1
Bg4 28. Rd3 Rd4 29. Rxd4 exd4 30. Ne2 Bxe2 31. Rxe2 Ke6 32. Kf1 Rb8 33. Ke1 Ke5
34. Kd2 c5 35. Kd3 Rb4 36. Re1 h5 37. Rf1 h4 38. Rf8 c4+ 39. bxc4 Rxa4 40. Re8+
Kf4 41. Kxd4 Ra1 42. Rf8+ Kg4 43. c5 Rd1+ 44. Kc3 a4 45. Rf2 Rb1 46. c6 Rb6 47.
c7 Rc6+ 48. Kb4 Rxc7 49. Kxa4 Rc4+ 50. Kb5 Rxe4 51. c4 h3 52. gxh3+ Kxh3 53. c5
1-0

[Event "Paul Keres Active U2200"]
[Site "Toronto CAN"]
[Date "1996.10.27"]
[Round "1"]
[White "Veltmann, Martin"]
[Black "Takov, Chris"]
[Result "1-0"]
[WhiteElo "2181"]
[BlackElo "2054"]
[PlyCount "41"]
[EventDate "1996.10.27"]
[EventType "swiss (rapid)"]
[EventRounds "5"]
[EventCountry "CAN"]

1. c4 e6 2. Nc3 Nf6 3. d4 d5 4. Nf3 Be7 5. Bf4 O-O 6. e3 c5 7. Qc2 Nc6 8. O-O-O
Qa5 9. a3 a6 10. dxc5 Bxc5 11. g4 dxc4 12. Bxc4 b5 13. Bd3 b4 14. Na4 Nd7 15.
Bxh7+ Kh8 16. Rxd7 Bxd7 17. Qxc5 Qxa4 18. Qh5 Rfc8 19. Bc2+ Kg8 20. Qh7+ Kf8
21. Bd6+ 1-0

[Event "Paul Keres Active U2200"]
[Site "Toronto CAN"]
[Date "1996.10.27"]
[Round "2"]
[White "MacLeod, Steven"]
[Black "Veltmann, Martin"]
[Result "1-0"]
[WhiteElo "2042"]
[BlackElo "2181"]
[PlyCount "64"]
[EventDate "1996.10.27"]
[EventType "swiss (rapid)"]
[EventRounds "5"]
[EventCountry "CAN"]

1. e4 g6 2. d4 Bg7 3. Nc3 d6 4. Be3 Nd7 5. Qd2 e5 6. Nf3 Ne7 7. Bh6 O-O 8. h4
Nf6 9. Bxg7 Kxg7 10. dxe5 dxe5 11. Qxd8 Rxd8 12. Nxe5 Re8 13. f3 Ned5 14. Nxd5
Nxd5 15. Nc4 Nb4 16. Bd3 Be6 17. Ne3 Rad8 18. Ke2 f5 19. a3 Nc6 20. exf5 Bxf5
21. Rad1 Nd4+ 22. Kf2 Bxd3 23. cxd3 Re6 24. Rhe1 Rb6 25. Nc4 Rc6 26. Re7+ Kg8
27. Rde1 b5 28. Ne3 Ne6 29. Ng4 Nf4 30. Nh6+ Kh8 31. Nf7+ Kg8 32. Nxd8 Nxd3+
1-0

[Event "Paul Keres Active U2200"]
[Site "Toronto CAN"]
[Date "1996.10.27"]
[Round "3"]
[White "Veltmann, Martin"]
[Black "Alcaide, Florante"]
[Result "0-1"]
[WhiteElo "2181"]
[BlackElo "2112"]
[PlyCount "80"]
[EventDate "1996.10.27"]
[EventType "swiss (rapid)"]
[EventRounds "5"]
[EventCountry "CAN"]

1. c4 Nf6 2. Nc3 e6 3. d4 Bb4 4. Qc2 O-O 5. a3 Bxc3+ 6. Qxc3 d5 7. Nf3 h6 8.
Bf4 Nbd7 9. e3 b6 10. c5 bxc5 11. Bd3 c4 12. Bc2 c5 13. h3 Re8 14. O-O cxd4 15.
exd4 Nf8 16. Ne5 N6d7 17. Qg3 Nxe5 18. dxe5 Kh8 19. Rad1 Rb8 20. Bc1 Bd7 21.
Rd4 g5 22. h4 f6 23. hxg5 fxg5 24. Bxg5 hxg5 25. Rg4 Rxb2 26. Bb1 Rb3 27. f3
Qb6+ 28. Kh2 Rxb1 29. Rf2 Nh7 30. f4 Rb3 31. Rf3 Rxf3 32. Qxf3 Qb3 33. Qe2 gxf4
34. Rxf4 Rg8 35. Qf2 Qd1 36. Qh4 Qd2 37. Rf2 Qg5 38. Qd4 Qg3+ 39. Kg1 Ng5 40.
Kh1 Ne4 0-1

[Event "Peel XXX"]
[Site "Brampton CAN"]
[Date "1996.07.27"]
[Round "3"]
[White "Flitton, David"]
[Black "Warren, Robert"]
[Result "1-0"]
[WhiteElo "1688"]
[BlackElo "1638"]
[PlyCount "89"]
[EventDate "1996.07.26"]
[EventType "tourn"]
[EventRounds "6"]
[EventCountry "CAN"]
[Source "CFC"]
[SourceDate "2002.12.??"]

1. e4 c5 2. Nc3 Nc6 3. f4 e6 4. Nf3 d5 5. e5 Be7 6. d3 a6 7. Be2 Nh6 8. O-O Nf5
9. g4 Nfd4 10. a4 Nxe2+ 11. Qxe2 b6 12. Qf2 O-O 13. g5 Bb7 14. h4 Qc7 15. Ne2
Nb4 16. Ng3 d4 17. Nh5 Bxf3 18. Qxf3 Nxc2 19. Nf6+ Bxf6 20. gxf6 Nxa1 21. Qg3
g6 22. f5 Kh8 23. Bh6 Nc2 24. h5 Rg8 25. Rf2 Ne3 26. Bg7+ Rxg7 27. fxg7+ Kxg7
28. f6+ Kf8 29. Qg5 Nf5 30. Rxf5 exf5 31. Qh6+ Ke8 32. Qxh7 Rc8 33. Qg8+ Kd7
34. Qxf7+ Kc6 35. Qe6+ Kb7 36. hxg6 Rh8 37. g7 Rh4 38. Qd5+ Ka7 39. Qd6 Rg4+
40. Kf2 Rxg7 41. Qxc7+ Rxc7 42. e6 Kb7 43. f7 Re7 44. f8=Q Rxe6 45. Qf7+ 1-0

[Event "Peel XXXI"]
[Site "Brampton CAN"]
[Date "1996.11.30"]
[Round "5"]
[White "Brown, John R"]
[Black "Parisi, Joe"]
[Result "1/2-1/2"]
[WhiteElo "1878"]
[BlackElo "1823"]
[PlyCount "114"]
[EventDate "1996.11.23"]
[EventType "tourn"]
[EventRounds "8"]
[EventCountry "CAN"]
[Source "CFC"]
[SourceDate "1997.02.01"]

1. e4 e6 2. d4 d5 3. Nc3 Bb4 4. Qg4 Qf6 5. e5 Qg6 6. Qxg6 hxg6 7. Bd2 a6 8. Nf3
Ne7 9. a3 Ba5 10. Na4 Bxd2+ 11. Kxd2 Nd7 12. Bd3 b5 13. Nc3 c5 14. Rae1 Nf5 15.
Ne2 cxd4 16. Nexd4 Ne7 17. h4 Bb7 18. Ng5 Nc6 19. Nxc6 Bxc6 20. f4 Nc5 21. Be2
f6 22. exf6 gxf6 23. Nxe6 Nxe6 24. Bg4 f5 25. Rxe6+ Kd7 26. Rxg6 fxg4 27. Rxg4
Rag8 28. Rxg8 Rxg8 29. Rg1 Ke6 30. g4 Bd7 31. h5 Kf6 32. g5+ Kg7 33. Re1 Re8
34. Rxe8 Bxe8 35. h6+ Kg8 36. Ke3 Bg6 37. c3 Kf7 38. Kd4 Ke6 39. Kc5 Bh7 40.
Kb6 Kf5 41. Kxa6 Kxf4 42. Kxb5 Kxg5 43. Kc5 Kxh6 44. Kxd5 Kg7 45. c4 Kf6 46. b4
Bg8+ 47. Kc5 Ke7 48. a4 Kd7 49. a5 Kc7 50. b5 Kb7 51. Kd4 Be6 52. c5 Bd7 53.
a6+ Kb8 54. c6 Bc8 55. Kc5 Ka7 56. b6+ Kxa6 57. b7 Bxb7 1/2-1/2

[Event "Peel inv."]
[Site "Brampton CAN"]
[Date "1996.??.??"]
[Round "?"]
[White "Harris, Mike"]
[Black "Bellomo, Joe"]
[Result "0-1"]
[WhiteElo "1889"]
[BlackElo "1789"]
[PlyCount "84"]
[EventDate "1996.??.??"]
[EventType "swiss"]
[EventRounds "5"]
[EventCountry "CAN"]

1. e4 c5 2. c4 Nc6 3. Nc3 a6 4. f4 d6 5. h3 Bd7 6. Nf3 e6 7. Be2 Nd4 8. O-O
Nxe2+ 9. Qxe2 Bc6 10. d4 Be7 11. g4 Qc7 12. d5 Bd7 13. Kg2 O-O-O 14. Be3 h5 15.
a3 hxg4 16. hxg4 Nf6 17. Kg3 exd5 18. Nxd5 Nxd5 19. exd5 Bxg4 20. Kxg4 Qd7+ 21.
Kg3 Qh3+ 22. Kf2 Bh4+ 23. Kg1 Rde8 24. Rae1 Bxe1 25. Rxe1 Rh6 26. Qg2 Rg6 27.
Ng5 Qxg2+ 28. Kxg2 f6 29. Kg3 fxg5 30. f5 Rf6 31. Kg4 Re5 32. Bd2 Rfxf5 33. Rh1
Rf8 34. Bxg5 Re4+ 35. Kg3 Kd7 36. Rh7 Rf7 37. Rh8 Re8 38. Rh2 Kc7 39. b4 b6 40.
Bf4 Re4 41. Rf2 Kd7 42. bxc5 bxc5 0-1